Quizzes
Events
Quiz Creation
Community
Videos
Private Events
Remove Ads
Sign In
Join for FREE
Feedback
Dark Mode
Quiz Categories
Sports
Geography
Music
Movies
Television
Just For Fun
Miscellaneous
History
Literature
Language
Science
Gaming
Entertainment
Religion
Holiday
For Kids
Quiz Lab
Recent
Popular Today
Quiz Kudos Today
Editor Picks
Curator Picks
Quizzes by...
Day
Popularity
Type
Ratings
Length
Year
Community
Subscriptions
Recent Discussions
Orange Saloon
Badges
Playlists
Quests
Create
Leaderboards
Showdown
Live 5
Trivia Bingo
Activity
Puzzle Library
Sporcle Events
Private Events
Virtual Trivia
Globe League
Become a Host
Pub Owners
SporcleCon
Opinionation
Our Games
Videos
Blog
Mobile Apps
Partnerships
Remove Ads and Go Orange
Feedback
Sports
Athletes
MLB
NBA
NHL
NFL
Soccer
Sports Teams
WWE
NCAA
Football
Premier League
Basketball
Baseball
Hockey
Golf
Tennis
Cricket
Rugby
Auto Racing
Olympics
World Cup
Sports
Athletes
MLB
NBA
NHL
NFL
Soccer
Sports Teams
WWE
NCAA
Football
Premier League
Basketball
Baseball
Hockey
Golf
Tennis
Cricket
Rugby
Auto Racing
Olympics
World Cup
Random Quiz
Search Sporcle
×
Quiz Lab
Quiz Lab
Sports
Cricket
Type in answers that appear in a list
Type in answers that appear in a list
Classic
Best Score? Go Orange.
Cricket Bats of 2011 Stats
Can you name the Cricket bat from the company?
By
Aunva_13
10m
57 Questions
54 Plays
54 Plays
54 Plays
Comments
Comments
Give Quiz Kudos
Give Quiz Kudos
-
- Ratings
hide this ad
More Info
Replay
Link that replays current quiz
Next Quiz
Link to next quiz in quiz playlist
You Got
0%
They Got
Avg Score
22%
Avg Friend Score
Upgrade to see
Score Distribution
Jump to the score distribution portion of the page
Score
0/57
Timer
10:00
0
Plays Today
Company
Bat
% Correct
Kookaburra
Kahuna
66.7%
GM
Icon
59.3%
Gray-
Nicolls
Powerbow
42.6%
Gray-
Nicolls
Legend
40.7%
GM
Flare
38.9%
Gray-
Nicolls
Kaboom
38.9%
GM
Luna
37%
GM
Apex
37%
Gray-
Nicolls
Evo
37%
Adidas
Libro
35.2%
Newbery
Uzi
35.2%
Gray-
Nicolls
Oblivion
33.3%
Gray-
Nicolls
Nitro
33.3%
Kookaburra
Rogue
33.3%
Kookaburra
Blade
33.3%
Salix
Rogue
33.3%
Kookaburra
CCX
31.5%
Adidas
Incurza
29.6%
Gray-
Nicolls
Quantum
27.8%
Puma
Iridium
25.9%
Puma
Calibre
22.2%
Mongoose
MMi3
22.2%
Mongoose
COR3
22.2%
Newbery
Thruxton
20.4%
Salix
Pod
20.4%
Newbery
Krakatoa
18.5%
Boom Boom
Signature
18.5%
Bradbury
500
18.5%
Bradbury
100
18.5%
Company
Bat
% Correct
Adidas
Pallera
16.7%
Gray-
Nicolls
Edge
16.7%
Newberyv
TT
16.7%
Newbery
B52
16.7%
Hunts
Triumph
16.7%
Hunts
Mettle
16.7%
Nike
Drive
16.7%
Bradbury
Players
16.7%
Bradbury
300
16.7%
Puma
Kinetic
14.8%
Newbery
Chic
14.8%
Newbery
Mjolnir
14.8%
Newbery
GT335
14.8%
Hunts
Clipper
14.8%
Hunts
Glory
14.8%
MH
Distinction
14.8%
Boom Boom
Blaze
13%
Hunts
Reflex
11.1%
Nike
Opener
11.1%
Salix
Falx
11.1%
MH
Harlequin
11.1%
MH
Original
11.1%
Hunts
Envy
9.3%
Boom Boom
Accelerator
9.3%
MH
S6
9.3%
Salix
Praestantia
7.4%
MH
Armplus
5.6%
MH
Solution
5.6%
Quiz Playlist
Details
Report
Send in Message
Add To Playlist
More Info:
These are the bats that were either released during the start of the season or still promoted as new bats
Classic:
Type in answers that appear in a list
Last Updated: Feb 16, 2017
Quiz Scoreboard
CHALLENGE
Sign Up to Join the Scoreboard
Show All
Scores
Hide
Comments
May contain spoilers
Recently Published
College Basketball Coaching Resumes
by pancakes188
Sports
9m
Billboard Blitz: Fleetwood Mac
by CooCooCachoo
Music
15s
Presidents Visiting Landmarks
by Hejman
History
7m
More to Explore
Quiz From the Vault
Featured Blog Post
Where Did the Easter Bunny Come From?
hide this ad
You Might Also Like...
Tags
Company Quiz
Cricket Quiz
2011
bat
Today's Top Quizzes in Sports
Browse Sports
hide this ad
Today's Top Quizzes in Cricket
Browse Cricket
Top Contributed Quizzes in Sports
1
2022 World Cup Stars
2
Les meilleurs buteurs des matchs entre le PSG et l’OM
3
FIFA Club World Cup Champions
4
Les entraîneurs de l'OM et du PSG au 21e siècle
5
Criteria MLB: Left Handed Sluggers
6
AFC Teams Reveal (Wrong Answers Minefield)
7
5-to-1: UK Sports Teams
8
5-to-1: FBS Animal Nicknames
9
2023 MLB Unique Player Accomplishments
10
Name the Premier League winners with different clubs
Explore More
Trending Topics
Anime
Kpop
NBA
Harry Potter
Disney
Crossword
Marvel
The Office
WWE
NFL
Pokémon
Puzzle
Song
Soccer
Country
hide this ad
More By:
Aunva_13
Quiz
Plays
Rating
Category
Featured
Created
Name Team with Most League Titles by League
261
1.80
Sports
Apr 5, 2011
Barcelona Squad of 2010-2011
220
1.00
Sports
May 25, 2011
Countries That Have 4 Letters
201
3.33
Geography
Apr 7, 2011
F1 2010 Points Tally
174
2.33
Sports
Aug 28, 2012
Cricket Bats of 2011
54
5.00
Sports
May 25, 2011
Go to Creator's Profile
Score Distribution
Quiz Creator Spotlight
Aunva_13
Follow
Send a Message
Quizzes Created
-
Created Quiz Play Count
-
More By This Creator
Popular Quizzes Today
1
Find the US States - No Outlines Minefield
2
Find the Countries of Europe - No Outlines Minefield
3
The Countries of the World
4
Find the US States
5
Risky Map Clicking: Biggest States A-Z
6
US States
7
Popular People in 1961
8
Movies - When Are They Set?
More Sports Quizzes
No Pro Sports Bordering States
Published
Trending Quizzes
Risky Map Clicking: Least Populous States A-Z
1-10 Letter G Words
1-10 Letter F Words
Risky Map Clicking: Next State Alphabetically
Risky Map Clicking: Biggest States A-Z
Recently Updated
Leaping Animals
pecheneg
Reality TV Shows (A-Z)
bhenderson79
Rickey Henderson's Hall of Fame Teammates
pecheneg
Champions League XIs: Arsenal
pecheneg
Quick Pick: Celebrities in WWE's Hall of Fame
aduchscher
A-Z Keypad Blitz II
pecheneg
Multiple Oscar Actors
pecheneg
Mystery Phrase Blitz: Oscar 'Best Actors'
pecheneg
F. Scott Fitzgerald Novels
LTH
Pick 3 Villains
ddd62291
Trending Topics
Crossword
Harry Potter
Anime
Marvel
Kpop
Disney
NBA
Pokémon
NFL
Country
Song
WWE
Soccer
The Office
Puzzle
Your Account Isn't Verified!
In order to create a playlist on Sporcle, you need to verify the email address you used during registration. Go to your
Sporcle Settings
to finish the process.
Report this User
Report this user for behavior that violates our
Community Guidelines
.
Details:
Send Report
Go to the Sporcle.com Mobile Site →
Comments